100 Best Soccer Players in the World 2023-2024 - Statistics

General Stats
  • This quiz has been taken 3,998 times
  • The average score is 47 of 100
Answer Stats
Hint Answer % Correct
1. Paris Saint-Germain Kylian Mbappe
99%
4. Inter Miami Lionel Messi
98%
2. Manchester City Erling Haaland
97%
5. Al-ittihad Karim Benzema
91%
3. Manchester City Kevin De Bruyne
91%
9. Liverpool Mohamed Salah
89%
36. Al Nassr Cristiano Ronaldo
88%
13. Al Hilal Neymar Jr.
86%
7. Bayern Munchen Harry Kane
85%
11. Real Madrid Vinícius Jr.
83%
8. Barcelona Robert Lewandowski
82%
12. Manchester City Rodri
79%
6. Real Madrid Thibaut Courtois
77%
15. Liverpool Virgil Van Dijk
76%
53. Real Madrid Jude Bellingham
75%
27. Real Madrid Luka Modric
75%
10. Manchester City Ruben Dias
73%
23. Manchester City Ederson
70%
16. Liverpool Alisson
69%
97. Manchester City Phil Foden
68%
26. Real Madrid Toni Kroos
68%
25. Tottenham Hotspur Heung Min Son
67%
95. Liverpool Luis Diaz
67%
33. Al Nassr Sadio Mane
67%
22. Manchester City Bernardo Silva
66%
54. Barcelona Pedri
66%
31. Manchester United Bruno Fernandes
64%
20. Bayern Munchen Manuel Neuer
64%
47. Atletico de Madrid Griezmann
61%
18. Bayern Munchen Joshua Kimmich
61%
14. Barcelona Ter Stegen
61%
62. Inter Milan Lautaro Martinez
60%
86. Chelsea Thiago Silva
60%
55. Arsenal Bukayo Saka
59%
74. Aston Villa E. Martinez
56%
17. Atletico de Madrid Jan Oblak
56%
29. Al Ittihad N'golo Kante
56%
92. AC Milan Rafael Leao
56%
21. Paris Saint-Germain Gianluigi Donnarumma
55%
61. Manchester United Marcus Rashford
52%
45. Real Madrid Rudiger
52%
63. Liverpool Trent Alexander-Arnold
52%
87. Bayern Munchen Jamal Musiala
51%
28. Barcelona Frenkie De Jong
50%
19. Manchester United Casemiro
49%
79. Bayern Munchen Thomas Muller
49%
24. Paris Saint-Germain Marquinhos
47%
41. Arsenal Martin Odegaard
47%
32. Barcelona(loan) Joao Cancelo
46%
44. Roma Paulo Dybala
44%
100. Paris Saint-Germain Achraf Hakimi
43%
35. Manchester United(Currently Free Agent) De Gea
43%
37. Real Madrid Valverde
43%
88. Bayer 04 Leverkusen Florian Wirtz
42%
83. Barcelona Gundogan
42%
46. Real Madrid David Alaba
40%
82. Inter Miami Jordi Alba
40%
42. Liverpool Robertson
40%
80. Inter Miami Sergio Busquets
40%
58. AC Milan Theo Hernandez
39%
60. Napoli Victor Osimhen
39%
56. Real Madrid Eder Militao
38%
30. AC Milan Mike Maignan
37%
49. S.S Lazio Ciro Immobile
36%
90. Juventus Dusan Vlahovic
35%
57. Bayern Munchen De Ligt
33%
73. Al Ahli Saudi FC Riyad Mahrez
33%
65. Inter milan Nicolo Barella
32%
75. Chelsea Raheem Sterling
31%
93. Barcelona Jules Kounde
30%
70. Bayern Munchen Leon Goretzka
30%
66. Bayern Munchen Kingsley Coman
29%
34. Paris Saint-Germain Marco Verratti
28%
77. Manchester United Raphael Varane
28%
89. Newcastle United Bruno Guimaraes
26%
99. Juventus Federico Chiesa
26%
38. Borussia Dortmund Gregor Kobel
26%
78. RC Celta de Vigo Iago Aspas
26%
39. Chelsea Christopher Nkunku
25%
40. Al Hilal Sergej Milinkovic-Savic
25%
98. Inter Milan Bastoni
23%
72. Villarreal Gerard Moreno
22%
50. Villareal CF Parejo
22%
71. Al Ittihad Fabinho
21%
96. Chelsea Reece James
21%
94. Newcastle United Sandro Tonali
21%
85. Inter Milan Yann Sommer
21%
48. Paris Saint-Germain Keylor Navas
20%
81. Liverpool Thiago
20%
69. Al Hilal Yassine Bounou
19%
43. Manchester City Aymeric Laporte
18%
91. Aston Villa Moussa Diaby
17%
51. Eintracht Frankfurt Kevin Trapp
16%
67. Borussia Dortmund Niklas Sule
16%
76. Atletico de Madrid Memphis Depay
15%
59. Inter Milan Milan Skriniar
13%
52. Juventes Szczesny
13%
68. Arsenal Thomas Partey
13%
84. RB Leipzig Peter Gulacsi
8%
64. Sevilla Marcos Acuna
7%
No matching quizzes found
Score Distribution
Percent of People with Each Score
Percentile by Number Answered
Your Score History
You have not taken this quiz